000 00571cam a22002292a 4500
001 005845
003 AR-FADEU
008 311216n1993####xxu####################dd
020 _a0-85496-642-0
092 _a344.4
_bW535
100 _aWeston, Martin
245 _aAn english reader's guide to the french legal system
250 _a2nd ed
260 _aOxford
260 _bBerg
260 _c1993
300 _a155 p
500 _aIncludes bibliography
650 _aFRANCIA LEGISLACION; LEGISLACION FRANCESA/TRADUC/
546 _aInglés
942 _cBDGR
999 _c11666
_d11666